Historia del derecho

Saved in:
Bibliographic Details
Main Author: Eyzaguirre Gutiérrez, Jaime (autor)
Format: Book
Language:Spanish
Published: Santiago, Chile Universitaria 2013
Series:El Saber y la Cultura
Subjects:
Tags: Add Tag
No Tags, Be the first to tag this record!

MARC

LEADER 00000cam a2200000 a 4500
001 UCC0725
003 CL-VaPUC
005 20231215105923.0
008 170825e20131000cl |||||||||||||||||spa|d
999 |c 369475  |d 369473 
020 |a 9789561118591 
040 |c Pontificia Universidad Católica de Valparaíso 
082 0 4 |a 340.0946 EYZ 2013  |2 21 
100 |a Eyzaguirre Gutiérrez, Jaime  |e autor  |9 584583 
245 1 0 |a Historia del derecho 
260 |a Santiago, Chile  |b Universitaria  |c 2013 
300 |a 221 páginas 
490 0 |a El Saber y la Cultura 
583 |a last modification  |c 20170825 13:52:00  |k Rodrigo Vera 
650 0 |a Historia del derecho  |z ESPAÑA  |9 255109 
650 7 |a FUENTES DEL DERECHO  |2 CL-VaPUC  |9 403374  |z ESPAÑA 
852 |a BIBCUR 
942 |c BK  |2 ddc 
945 |d 20170825 13:52:00  |a arojas 
952 |0 0  |1 0  |2 ddc  |3 erb  |4 0  |6 340_094600000000000_EYZ_2013  |7 0  |8 A  |9 485288  |a BIBHIS  |b BIBHIS  |i 5419492  |o 340.0946 EYZ 2013  |p 5419492  |r 2025-01-20  |t 1  |w 2019-11-24  |y BK  |z Catalogado en:20170825  |k HIS